| 000 | 00798nmc a2200301 a 4500 | ||
|---|---|---|---|
| 003 | AR-BaBNM | ||
| 005 | 20251128205519.0 | ||
| 008 | 011101s1996 ||||||||||||||000 | spa|| | ||
| 020 | _a84-294-4881-0 | ||
| 040 | _cAR-BaBNM | ||
| 100 | 1 | _aCortina, Adela | |
| 245 | 1 | 0 |
_aEl quehacer ético _bguía para la educación moral |
| 260 |
_aMadrid _bSantillana _c1996 |
||
| 300 | _a128 p. | ||
| 490 | 0 | _aAula XXI | |
| 500 | _aIndice de autores: p. 123-124 | ||
| 504 | _aBibliografía: p. 121-122 | ||
| 650 | 4 | _aETICA | |
| 650 | 4 | _aEDUCACION MORAL | |
| 650 | 4 | _aVALORES MORALES | |
| 650 | 4 | _aVALORES SOCIALES | |
| 650 | 4 | _aCONCEPTOS MORALES | |
| 650 | 4 | _aCIUDADANIA | |
| 650 | 4 | _aFILOSOFIA | |
| 653 | _aTEMAS TRANSVERSALES | ||
| 800 | 1 |
_aMascaró Florit, Jaime _edirector |
|
| 942 | _cBK | ||
| 999 |
_c11699 _d11699 |
||